000 00798nam a2200265Ia 4500
003 OSt
005 20221007111849.0
006 a|||||r|||| 00| 0
007 ta
008 221006b |||||||| |||| 00| 0 eng d
024 _a24,452
037 _cTextual
040 _aLCO
_cLCO
_beng
041 _2eng
_aeng
082 _aZ2,267, P9
100 _aGupta (Agrawal) Sarla
_9708565
245 0 _aInformation Technology
_b Law and Practice
260 _aAllahabad
_bPremier Publishing Co. India
_c2009
300 _a831
650 _aINFORMATION TECHNOLOGY
700 _a Agrawal Beniprasad
_9708566
700 _a Deoghare Mrudul V.
_9708567
942 _hZ2,267, P9
_cTEXL
999 _c1194015
_d1194015